| 000 | 00829nam a2200241Ia 4500 | ||
|---|---|---|---|
| 003 | GCL | ||
| 008 | 140319s9999 xx 000 0 ara d | ||
| 020 | _a529843052 | ||
| 040 |
_aGCL / _cGCL |
||
| 082 | 0 | 4 |
_a956.7 _bع ع |
| 100 | 1 | _aعبدالوهاب حميد رشيد | |
| 245 | 1 | 0 |
_aالعراق المعاصر / _cعبدالوهاب حميد رشيد |
| 250 | _aالاولى | ||
| 260 |
_aسوريا : _bدار المدى للثقافة والنشر ، _c2002 |
||
| 300 |
_a472ص ؛ _c24سم |
||
| 650 | 0 | 4 | _aالعراق |
| 650 | 0 | 4 | _aنظم الحكم |
| 650 | 0 | 4 | _aالعراق القديم - تاريخ |
| 650 | 0 | 4 | _aالعراق - تاريخ - العصر الحديث |
| 650 | 0 | 4 | _aالعراق - الاحوال السياسية |
| 650 | 0 | 4 | _aالعراق - الاحزاب السياسية |
| 942 |
_2ddc _cBK |
||
| 999 |
_c5911 _d5911 |
||